ALL Named Bluey Characters - Statistics

General Stats
  • This quiz has been taken 111 times
  • The average score is 35 of 67
Answer Stats
Picture Answer % Correct
Bluey
99%
Bingo
94%
Bandit
90%
Muffin
90%
Socks
89%
Chilli
87%
Stripe
81%
Rad
80%
Nana
77%
Trixie
77%
Lucky
76%
Mackenzie
74%
Bob
73%
Chloe
70%
Coco
69%
Honey
69%
Rusty
69%
Pat
67%
Pom-pom
66%
Calypso
64%
Calypso
64%
Jack
63%
Indy
61%
The Terriers
61%
Winton
61%
Frisky
60%
Judo
60%
Snickers
60%
Brandy
59%
Lila
57%
Major Tom
56%
Dusty
53%
Mort
53%
Alfie
51%
Wendy
51%
Chucky
50%
Cherry
47%
Janelle
47%
Jean-Luc
47%
Buddy
46%
Chippy
46%
Missy
46%
Winnie
43%
Mia
40%
Bentley
39%
Doreen
39%
Captain
37%
Bella
36%
Digger
36%
Jasper
36%
Lulu
34%
Fido
33%
Dougie
30%
Sparky
30%
Juniper
29%
Pretzel
29%
Busker
27%
Marcus
27%
Maynard
26%
Sheila
23%
Mrs. Retriver
21%
Daisy
20%
Zara
17%
Gruber
16%
Sadie
14%
Harley
11%
Rich J.
9%
No matching quizzes found
Score Distribution
Percent of People with Each Score
Percentile by Number Answered
Your Score History
You have not taken this quiz